| 000 | 00625nam a2200121Ia 4500 | ||
|---|---|---|---|
| 008 | 220615s9999||||xx |||||||||||||| ||und|| | ||
| 100 | _aMarginson, Simon | ||
| 245 | 4 | _aThe Dream Is Over: The Crisis of Clark Kerr’s California Idea of Higher Education | |
| 546 | _aEnglish[eng] | ||
| 650 | _aequal opportunity||clark kerr||California||China||East Asia||Higher education||United States | ||
| 856 | _uhttps://library.oapen.org/bitstream/20.500.12657/32075/1/617912.pdf||https://library.oapen.org/bitstream/20.500.12657/32075/1/617912.pdf||https://library.oapen.org/bitstream/20.500.12657/32075/1/617912.pdf | ||
| 942 | _cEB | ||
| 999 |
_c15805 _d15805 |
||